On mysticism: the experience of ecstasy

Saved in:  
Bibliographic Details
Main Author: Critchley, Simon 1960- (Author)
Format: Print Book
Language:English
Subito Delivery Service: Order now.
Check availability: HBZ Gateway
Book acquisition:
Drawer...
Interlibrary Loan:Interlibrary Loan for the Fachinformationsdienste (Specialized Information Services in Germany)
Published: London Profile Books 2025
In:Year: 2025
Further subjects:B Mysticism

MARC

LEADER 00000nam a22000002c 4500
001 1950042715
003 DE-627
005 20260122231153.0
007 tu
008 260122s2025 xx ||||| 00| ||eng c
016 7 |a GBC544374  |2 UK 
020 |a 9781800816947  |c paperback  |9 978-1-80081-694-7 
035 |a (DE-627)1950042715 
035 |a (DE-599)KXP1950042715 
035 |a (Uk)021602061 
040 |a DE-627  |b ger  |c DE-627  |e rda 
041 |a eng 
082 0 |a 204.22  |2 23 
100 1 |a Critchley, Simon  |d 1960-  |e VerfasserIn  |4 aut 
109 |a Critchley, Simon 1960-  |a Critchley, Simon James 1960-  |a Critchley, S. J. 1960-  |a Critchley, S. 1960- 
192 |a 1 
245 1 0 |a On mysticism  |b the experience of ecstasy  |c Simon Critchley 
263 |a 202507 
264 1 |a London  |b Profile Books  |c 2025 
300 |a 336 pages  |c 20 cm 
336 |a Text  |b txt  |2 rdacontent 
337 |a ohne Hilfsmittel zu benutzen  |b n  |2 rdamedia 
338 |a Band  |b nc  |2 rdacarrier 
650 0 |a Mysticism 
935 |a mteo 
951 |a BO 
ELC |b 1 
LOK |0 000 xxxxxcx a22 zn 4500 
LOK |0 001 4858351912 
LOK |0 003 DE-627 
LOK |0 004 1950042715 
LOK |0 005 20260122231153 
LOK |0 008 260122||||||||||||||||ger||||||| 
LOK |0 040   |a DE-Tue135  |c DE-627  |d DE-Tue135 
LOK |0 092   |o n 
LOK |0 852   |a DE-Tue135 
LOK |0 852 1  |9 00 
LOK |0 935   |a ixbt 
LOK |0 939   |a 19-01-26  |b l01 
ORI |a SA-MARC-ixtheoa001.raw 
REL |a 1 
SUB |a REL